L'asie, source de sciences et dec techniques : Histore comparee des idees scientifiques et techniques de l'asie

সংরক্ষণ করুন:
গ্রন্থ-পঞ্জীর বিবরন
সংস্থা লেখক: Soutif, Michel
বিন্যাস: গ্রন্থ
ভাষা:Vietnamese
প্রকাশিত: Presses universitaires de grenoble 1995
ট্যাগগুলো: ট্যাগ যুক্ত করুন
কোনো ট্যাগ নেই, প্রথমজন হিসাবে ট্যাগ করুন!
Thư viện lưu trữ: Mạng thư viện Đại học Đà Nẵng
LEADER 00711nam a2200253 4500
001 000021484
003 17932
005 20150421160425.0
008 150421s1995 viesd
020 |c 00 
041 0 |a vie 
082 1 4 |a 509,5  |b SO-M 
110 1 |a Soutif, Michel 
245 1 0 |a L'asie, source de sciences et dec techniques : Histore comparee des idees scientifiques et techniques de l'asie  |c Michel Soutif 
260 |b Presses universitaires de grenoble  |c 1995 
300 |a tr.  |c cm. 
OWN |a LSP 
999 |a From the UDN01 
TYP |a Monograph 
TYP |a Printed language 
980 |a Mạng thư viện Đại học Đà Nẵng